Reklama a technika predaja : Praktická škola marketingu 4 /

Salvato in:
Dettagli Bibliografici
Autore principale: Bureš, Ivan (Autore)
Natura: Libro
Lingua:slovacco
Pubblicazione: Bratislava : Genezis, [1990]
Soggetti:
Tags: Aggiungi Tag
Nessun Tag, puoi essere il primo ad aggiungerne!!

MARC

LEADER 00000nam a22000003a 4500
001 stu35019
005 20150617225730.2
008 920403s1990----cs------------------slo-d
040 |a STU  |b slo 
041 0 |a slo 
044 |a cs 
080 |a 658.8(035) 
100 1 |a Bureš, Ivan  |4 aut 
245 1 |a Reklama a technika predaja :  |b Praktická škola marketingu 4 /  |c [aut.]Ivan Bureš 
260 |a Bratislava :  |b Genezis,  |c [1990] 
300 |a 16 s 
650 7 |a marketing  |2 estusub 
650 7 |a príručky  |2 stusub 
650 7 |a reklama  |2 stusub 
650 7 |a predaj  |2 stusub 
650 7 |a technika  |2 stusub 
996 |b MB 116  |c M*B-116  |l MMKN  |s A  |a 24  |w stu35019_0001